Seznam poradenských a konzultačních pracovišť pro klasifikace

Gespeichert in:
Bibliographische Detailangaben
Format: Buch
Sprache:Tschechisch
Veröffentlicht: Zlín-Louky Siak 1991
Ausgabe:1. vyd.
Schlagworte:
Tags: Tag hinzufügen
Keine Tags, Fügen Sie das erste Tag hinzu!

MARC

LEADER 00000nam a2200000 4500
001 c000933
005 20221214094815.8
041 0 |a cze 
044 |a CZ 
245 1 0 |a Seznam poradenských a konzultačních pracovišť pro klasifikace 
250 |a 1. vyd. 
264 1 |a Zlín-Louky  |b Siak  |c 1991 
300 |a 71 s. 
610 2 0 |a poradenstvo 
610 2 0 |a klasifikácia 
610 2 0 |a organizácie 
610 2 0 |a firmy 
610 2 0 |a dane 
610 2 0 |a ceny 
610 2 0 |a odpisy 
610 2 0 |a odvody do rozpočtu štátneho